| 000 | 00778pam a2200265 a 4500 | ||
|---|---|---|---|
| 001 | 11305 | ||
| 003 | BD-RjUL | ||
| 005 | 20211208235113.0 | ||
| 008 | 140126s1990 gw a 000 0 eng | ||
| 020 | _a0387507779 (U.S.) | ||
| 020 | _a3540507779 | ||
| 035 | _a(BD-RjUL)11354 | ||
| 040 |
_aDLC _cDLC _dBD-RjUL _beng |
||
| 041 | 1 |
_aeng _hger |
|
| 082 | 0 | 0 |
_a547.7 _220 _bEII 1990 |
| 100 | 1 |
_aEisele, Ulrich _d1938- _934965 |
|
| 245 | 1 | 0 |
_aIntroduction to polymer physics / _cUlrich Eisele. |
| 260 |
_aBerlin ; New York : _bSpringer-Verlag, _cc1990. |
||
| 300 |
_aix, 176 p. : _bill. ; _c24 cm. |
||
| 500 | _a"Translated from the German by Stephen D. Pask"--T.p. verso. | ||
| 650 | 0 |
_aPolymers. _934966 |
|
| 942 |
_2ddc _cBK |
||
| 999 |
_c11305 _d11305 |
||